000 00809nam a2200253Ia 4500
003 OSt
005 20220930091029.0
006 a|||||r|||| 00| 0
007 ta
008 220926b |||||||| |||| 00| 0 eng d
024 _a3385
037 _cTheses
040 _aCRL
_cCRL
_beng
041 _2eng
_aeng
100 _aGarg Mohit
_9544529
110 _aUniversity of Delhi. Faculty of Medical Science. Department of Surgery
_9520100
245 0 _aFeasibility and safety of three port procedure for laparoscopic cholecystectomy
260 _c2012
650 _aSURGERY
700 _a Ramteke Vinod Kumar Gu.
_9544530
700 _aUniversity of Delhi. Faculty of Medical Science. Department of Surgery
_9520102
942 _cDIS
_2CC
999 _c881530
_d881530